Οικο-βιολογική κατοικία : πτυχιακή εργασία
Αποθηκεύτηκε σε:
| Κύριος συγγραφέας: | |
|---|---|
| Συγγραφή απο Οργανισμό/Αρχή: | |
| Μορφή: | Thesis Βιβλίο |
| Γλώσσα: | Greek |
| Δημοσίευση: |
Μυτιλήνη :
Πανεπιστήμιο Αιγαίου, Τμήμα Περιβάλλοντος,
1998
|
| Θέματα: | |
| Ετικέτες: |
Προσθήκη ετικέτας
Δεν υπάρχουν, Καταχωρήστε ετικέτα πρώτοι!
|
MARC
| LEADER | 00000cam a2200000 i 4500 | ||
|---|---|---|---|
| 001 | 1/7148 | ||
| 008 | 000620s1998 gre d | ||
| 035 | |l 10062181 | ||
| 040 | |a GR-MY-UA |b gre |e aacr | ||
| 041 | 0 | |a gre | |
| 082 | 0 | |a 721 |2 (22) | |
| 100 | 1 | |a Χλέτση, Ευαγγελία. | |
| 245 | 1 | 0 | |a Οικο-βιολογική κατοικία : |b πτυχιακή εργασία / |c Χλέτση Ε. |
| 260 | |a Μυτιλήνη : |b Πανεπιστήμιο Αιγαίου, Τμήμα Περιβάλλοντος, |c 1998 | ||
| 300 | |a 2 τ.; |b πιν., σχ.; |c 30 εκ. | ||
| 502 | # | # | |a Πτυχιακή εργασία – Πανεπιστήμιο Αιγαίου, Λέσβος, 1998. |
| 504 | |a Περιέχει παράρτημα και βιβλιογραφία | ||
| 650 | 0 | 0 | |a Architecture and energy conservation. |
| 650 | 0 | 0 | |a Architecture and climate. |
| 650 | 0 | 0 | |a Dissertations, Academic |z Greece. |
| 710 | 2 | |a Πανεπιστήμιο Αιγαίου. |b Σχολή Περιβάλλοντος. |b Τμήμα Περιβάλλοντος. | |
| 852 | |a INST |b LESVOS |c DIATR |e 20000620 |h 449α |p 005100025929 |q 005100025929 |t DIE |v τ.1: |y 23 |z τ.1 | ||
| 852 | |a INST |b LESVOS |c DIATR |e 20000620 |h 449β |p 005100025920 |q 005100025920 |t DIE |v τ.2: |y 23 |z τ.2 | ||
| 853 | |a INST |b LESVOS |c DIATR |h 449α | ||
| 853 | |a INST |b LESVOS |c DIATR |h 449β | ||
| 901 | |a BIBL1-2000-2 | ||
| 909 | |a Λ |b 080462 | ||
| 909 | |a Λ |b 080463 | ||
| 924 | |a ΧΛΕΤΣΗ |b ΕΥΑΓΓΕΛΙΑ |y ΛΕΣΒΟΣ |z 1998 | ||
| 970 | |a ΑΙΒΑΤΖΙΔΟΥ |b ΕΛΕΝΗ |z 2000/06/21 | ||